Subventionen in der Demokratie analytische Grundlagen einer Subventionsordnung

Salvato in:
Dettagli Bibliografici
Autore principale: Grüne, Michael
Natura: Libro
Lingua:tedesco
Pubblicazione: Frankfurt am Main Peter Lang 1997
Serie:Kollektive Entscheidungen, Wirtschaftspolitik... Bd. 4
Soggetti:
Tags: Aggiungi Tag
Nessun Tag, puoi essere il primo ad aggiungerne!!

MARC

LEADER 00000nam a2200000 4500
001 c101910
005 20221124074017.9
020 |a 3-631-31467-1 
022 |a 1430-5852 
041 0 |a ger 
044 |a de 
245 1 0 |a Subventionen in der Demokratie  |b analytische Grundlagen einer Subventionsordnung  |c Michael Grüne 
264 1 |a Frankfurt am Main  |b Peter Lang  |c 1997 
300 |a 281 s. 
490 1 |a Kollektive Entscheidungen, Wirtschaftspolitik...  |v Bd. 4 
830 0 |a Kollektive Entscheidungen, Wirtschaftspolitik...  |v Bd. 4 
610 2 0 |a subvencie 
610 2 0 |a demokracia 
610 2 0 |a poistenie štátne 
610 2 0 |a riziko 
610 2 0 |a trh 
610 2 0 |a dopyt 
610 2 0 |a podnikanie 
610 2 0 |a podpora podnikania 
610 2 0 |a analýzy 
610 2 0 |a financie štátne 
610 2 0 |a hospodárstvo trhové 
610 2 0 |a výdavky verejné 
100 1 |a Grüne, Michael